000 00465nam a2200157Ia 4500
008 100122s9999 xx 000 0 und d
082 _b58953
_a808.6
100 _aशेवते अरुण
245 _aस्नेहांकित ( RC)
250 _a0
260 _bऔदुंबर प्रकाशन
_c2000
300 _a148
630 _aस्नेहांकित ( RC)
730 _aस्नेहांकित ( RC)
942 _cBOOK
999 _c434657
_d434654